| 000 | 00833nam a2200229 a 4500 | ||
|---|---|---|---|
| 001 | 000007593 | ||
| 005 | 20240530073911.0 | ||
| 008 | 090909s2007 dr 000 f spa d | ||
| 020 | _a9789945860504 | ||
| 040 |
_aDO-SdBNP _bspa _cBNPHU |
||
| 082 |
_aRD863.5 _bB483e |
||
| 100 | 1 |
_aBeras, Vicente _d1967- _9683 |
|
| 245 | 1 | 0 |
_aEnredos de amor disparejo / _cVicente Beras. |
| 246 | 1 | 0 |
_aEnredos de amor disparejo: _bnovela sobre los asuntos de la edad y el amor |
| 260 |
_aSanto Domingo : _bEsdras Molina, _c2007. |
||
| 300 |
_a118 p. ; _c22 cm. |
||
| 500 | _aIncluye datos biográficos del autor en la solapa de la contracubierta | ||
| 590 | _aLa biblioteca posee un ejemplar autografiado por el autor. | ||
| 650 | 0 |
_aNovela dominicana _9223 |
|
| 650 | 0 |
_aLiteratura dominicana. _967 |
|
| 910 | _aValidado. Control de calidad MMOLINA | ||
| 999 |
_c7373 _d7373 |
||